| 000 | 00485nam a22001457a 4500 | ||
|---|---|---|---|
| 999 |
_c7815 _d7816 |
||
| 008 | 190410b ||||| |||| 00| 0 eng d | ||
| 020 | _a9781432738402 | ||
| 082 | _a658.4 S82p 2009 | ||
| 100 | _aSteele, William R | ||
| 245 |
_aPresentation skills 201 : _b how to take it to the next level as a confident, engaging presenter |
||
| 260 |
_aDenver, CO : _bOutskirts Press, _c2009. |
||
| 300 |
_ax, 163 p. ; _c22 cm |
||
| 650 | _aBusiness presentations and Public speaking | ||
| 942 | _2ddc | ||